00586nam a2200193Ia 450000500170000000800410001702000150005808200210007324500650009426000360015930000180019565000140021365000100022770000200023770000170025794200060027495200970028099900150037720250115053603.0240331s9999 xx 000 0 und d a8186706089 bMAR24578a305.3 2aA Question of Silence?bThe Sexual Economies of Modern India aNew DelhibKali for Womenc1998 aviii, 412 p., aSexuality aIndia aJohn, M. Eeedt aNair, Jeedt cL 001040708LaWERCLbWERCLcSSCd2024-03-31l0o 305.3 QUEp4578r2024-03-31w2024-03-31yL c1602d1602